000 00363 a2200145 4500
020 _a978-989-658-235-7
040 _aULA-LD-MS
082 _a72
_b72
100 _91196
_aFIALHO,Filomeno
245 _aBanco Nacional de Angola 60 anos de Edificaȯ̂
260 _aLisboa ,
_bCaleidoscopio
_c2012.
300 _a180p
650 _aArquitectura
942 _cLivros
999 _c2369
_d2369